Tokoh-tokoh pahlawan

Bibliographic Details
Main Author: Siti Mariam Daud
Format: Book
Published: Kuala Lumpur : Jade Green Publications , 1996
Subjects:

MARC

LEADER 00000cam a2200000 7i4500
001 0000009044
002 000009854
005 20000330.0
020 |a 9839293087 
090 0 0 |a 920   |b SIT 
100 0 |a Siti Mariam Daud 
245 1 0 |a Tokoh-tokoh pahlawan   |c Siti Mariam Daud 
260 |a Kuala Lumpur :   |b Jade Green Publications ,   |c 1996 
300 |a 58p. :   |b ill. ;   |c 21cm. 
650 0 0 |a Biography   |x Juvenile literature 
999 |a 051775   |b BUKU   |c MALAYSIANA   |e PERPUSTAKAAN KOMUNITI PETALING JAYA 
999 |a 051776   |b BUKU   |c MALAYSIANA   |e PERPUSTAKAAN KOMUNITI PETALING JAYA 
999 |a 051777   |b BUKU   |c MALAYSIANA   |e PERPUSTAKAAN KOMUNITI PETALING JAYA 
999 |a 053845   |b BUKU   |c PINJAMAN   |e PERPUSTAKAAN KOMUNITI CAW KOTA DAMANSARA 
999 |a 053846   |b BUKU   |c PINJAMAN   |e PERPUSTAKAAN KOMUNITI CAW KOTA DAMANSARA